Größte Städte Niedersachsens - Statistiken

Allgemein
  • Dieses Quiz wurde 141 mal gespielt
  • Das Durchschnittsergebnis liegt bei 15 aus 21
Antwortstatistiken
Einwohner Stadt % Korrekt
545.045 Hannover
99%
251.804 Braunschweig
96%
172.830 Oldenburg
95%
167.366 Osnabrück
93%
125.961 Wolfsburg
93%
118.946 Göttingen
86%
101.858 Hildesheim
86%
104.548 Salzgitter
84%
50.535 Emden
78%
76.837 Lüneburg
76%
70.138 Celle
74%
76.089 Wilhelmshaven
70%
78.385 Delmenhorst
65%
50.203 Goslar
62%
51.411 Peine
56%
56.542 Lingen
51%
57.905 Hameln
50%
52.681 Wolfenbüttel
50%
55.242 Nordhorn
41%
55.367 Langenhagen
39%
61.349 Garbsen
35%
Keine übereinstimmenden Quizze gefunden
Verteilung der Resultate
Anzahl Personen mit jedem Resultat
Perzentil nach korrekt beantworteten Fragen
Ihre Resultats-Entwicklung
Sie haben dieses Quiz noch nicht gespielt